Analytical Key to the Old Testament (Record no. 25798)
[ view plain ]
| 000 -LEADER | |
|---|---|
| campo de control de longitud fija | 00704ntaaa2200205 4500 |
| 003 - IDENTIFICADOR DE NÚMERO DE CONTROL | |
| campo de control | 01 |
| 005 - FECHA Y HORA DE LA ÚLTIMA TRANSACCIÓN | |
| campo de control | 20251027203037.0 |
| 008 - DATOS DE LONGITUD FIJA--INFORMACIÓN GENERAL | |
| campo de control de longitud fija | 0714s1973 ag 01 |
| 020 ## - NÚMERO INTERNACIONAL ESTÁNDAR DEL LIBRO | |
| Número Internacional Estándar del Libro | 080106714 |
| 040 ## - FUENTE DE CATALOGACIÓN | |
| Centro catalogador/agencia de origen | AR-BaBN |
| Lengua de catalogación | spa |
| Centro/agencia transcriptor | AR-BaBN |
| Normas de descripción | aacr |
| Centro/agencia modificador | RIC |
| 082 ## - NÚMERO DE LA CLASIFICACIÓN DECIMAL DEWEY | |
| Número de clasificación | 221.4403 Ow2a |
| 100 ## - ENTRADA PRINCIPAL--NOMBRE DE PERSONA | |
| Nombre de persona | Owens, John Joseph |
| 9 (RLIN) | 31531 |
| 245 ## - MENCIÓN DEL TÍTULO | |
| Título | Analytical Key to the Old Testament |
| 250 ## - MENCION DE EDICION | |
| Mención de edición | 1 ed. |
| 260 ## - PUBLICACIÓN, DISTRIBUCIÓN, ETC. | |
| Lugar de publicación, distribución, etc. | Grand Rapids : |
| Nombre del editor, distribuidor, etc. | Baker Book House, |
| Fecha de publicación, distribución, etc. | 1995, 1989 |
| 300 ## - DESCRIPCIÓN FÍSICA | |
| Extensión | 4 v ; |
| Dimensiones | 25,5 cm |
| 500 ## - NOTA GENERAL | |
| Nota general | V.1 Genesis-Joshua,ISBN 0-8010-6714-6 V.2 Judges-Chronicles,ISBN 0-8010-6753-7. V.3 Ezra-Song of Solomon,ISBN 0-8010-6715-4. V.4 Isaiah-Malachi,ISBN 0-8010-6713-8 |
| 650 ## - PUNTO DE ACCESO ADICIONAL DE MATERIA--TÉRMINO DE MATERIA | |
| Término de materia o nombre geográfico como elemento de entrada | Biblia-Antiguo Testamento-Hebreo |
| 9 (RLIN) | 11052 |
| 942 ## - ELEMENTOS DE ENTRADA SECUNDARIOS (KOHA) | |
| Tipo de ítem Koha | Colección General |
| Estatus retirado | Estado de pérdida | Estado de daño | No para préstamo | Biblioteca de origen | Biblioteca actual | Fecha de adquisición | Número de inventario | Total de préstamos | Signatura topográfica completa | Código de barras | Visto por última vez | Precio de reemplazo | Tipo de ítem Koha |
|---|---|---|---|---|---|---|---|---|---|---|---|---|---|
| Biblioteca Pluis | Biblioteca Pluis | 27/10/2025 | 41216 | 221.4403 Ow2a | 41216 | 27/10/2025 | 27/10/2025 | REFERENCIA | |||||
| Biblioteca Pluis | Biblioteca Pluis | 27/10/2025 | 41267 | 41267 | 27/10/2025 | 27/10/2025 | Colección General | ||||||
| Biblioteca Pluis | Biblioteca Pluis | 27/10/2025 | 41270 | 41270 | 27/10/2025 | 27/10/2025 | Colección General | ||||||
| Biblioteca Pluis | Biblioteca Pluis | 27/10/2025 | 41271 | 41271 | 27/10/2025 | 27/10/2025 | Colección General |
